[Event "Deutsche Ländermeisterschaft 2025"]
[Site "Oer-Erkenschwick GER"]
[Date "2025.10.01"]
[Round "2"]
[White "Kutlar, Aras"]
[Black "Boroshnev, Dmytro"]
[Result "0-1"]
[Termination "normal"]
[Board "7.6"]
[WhiteElo "1819"]
[BlackElo "1703"]
[WhiteClock "00:00:50"]
[BlackClock "00:56:38"]
[WhiteTeam "Hamburg 1"]
[BlackTeam "Thüringen"]
[PlyCount "157"]
[WhiteFideId "51682117"]
[BlackFideId "34163611"]
[EventCountry "GER"]
[EventRounds "7"]
[EventType "team-swiss"]
[EventDate "2025.09.30"]

1. e4 {[%clk 01:30:48]} {[%emt 00:00:11]} c5 {[%clk 01:30:54]} {[%emt
00:00:06]} 2. Nf3 {[%clk 01:31:10]} {[%emt 00:00:08]} d6 {[%clk 01:31:18]}
{[%emt 00:00:06]} 3. Bb5+ {[%clk 01:31:34]} {[%emt 00:00:06]} Nd7 {[%clk
01:31:43]} {[%emt 00:00:05]} 4. O-O {[%clk 01:31:54]} {[%emt 00:00:10]} a6
{[%clk 01:32:09]} {[%emt 00:00:05]} 5. Bd3 {[%emt 00:00:15]} Ngf6 {[%clk
01:32:28]} {[%emt 00:00:06]} 6. c3 {[%clk 01:32:28]} {[%emt 00:00:15]} b5
{[%clk 01:32:37]} {[%emt 00:00:21]} 7. Bc2 {[%clk 01:32:40]} {[%emt 00:00:19]}
c4 {[%clk 01:33:00]} {[%emt 00:00:07]} 8. Re1 {[%clk 01:32:30]} {[%emt
00:00:39]} e6 {[%clk 01:33:20]} {[%emt 00:00:10]} 9. a4 {[%clk 01:32:01]}
{[%emt 00:01:00]} Bb7 {[%clk 01:33:42]} {[%emt 00:00:07]} 10. d4 {[%clk
01:25:08]} {[%emt 00:07:24]} cxd3 {[%clk 01:34:05]} {[%emt 00:00:05]} 11. Bxd3
{[%clk 01:25:25]} {[%emt 00:00:15]} bxa4 {[%clk 01:34:16]} {[%emt 00:00:19]}
12. Qxa4 {[%clk 01:25:18]} {[%emt 00:00:37]} Be7 {[%clk 01:34:06]} {[%emt
00:00:40]} 13. Be3 {[%clk 01:16:37]} {[%emt 00:09:11]} O-O {[%clk 01:33:57]}
{[%emt 00:00:39]} 14. Na3 {[%clk 01:16:30]} {[%emt 00:00:37]} Ng4 {[%clk
01:31:28]} {[%emt 00:02:59]} 15. b4 {[%clk 01:12:00]} {[%emt 00:04:59]} a5
{[%clk 01:28:54]} {[%emt 00:03:05]} 16. Nc2 {[%clk 01:03:21]} {[%emt 00:09:10]}
Nxe3 {[%clk 01:26:22]} {[%emt 00:03:02]} 17. Nxe3 {[%clk 01:02:33]} {[%emt
00:01:17]} Nb6 {[%clk 01:25:56]} {[%emt 00:00:56]} 18. Qc2 {[%clk 01:01:26]}
{[%emt 00:01:38]} axb4 {[%clk 01:23:36]} {[%emt 00:02:50]} 19. cxb4 {[%clk
00:56:44]} {[%emt 00:05:12]} h6 {[%clk 01:22:41]} {[%emt 00:01:24]} 20. Rad1
{[%clk 00:53:37]} {[%emt 00:03:37]} Rc8 {[%clk 01:22:14]} {[%emt 00:00:56]} 21.
Qe2 {[%clk 00:51:52]} {[%emt 00:02:16]} Na4 {[%emt 00:01:59]} 22. Ra1 {[%clk
00:44:47]} {[%emt 00:07:32]} Nc3 {[%clk 01:20:55]} {[%emt 00:00:23]} 23. Qb2
{[%clk 00:41:09]} {[%emt 00:04:09]} Bf6 {[%clk 01:19:24]} {[%emt 00:01:59]} 24.
Qb3 {[%clk 00:40:06]} {[%emt 00:01:34]} Bxe4 {[%clk 01:17:42]} {[%emt
00:02:12]} 25. Bxe4 {[%clk 00:36:05]} {[%emt 00:04:32]} Nxe4 {[%clk 01:17:45]}
{[%emt 00:00:26]} 26. Rad1 {[%clk 00:35:57]} {[%emt 00:00:38]} Rc3 {[%clk
01:16:56]} {[%emt 00:01:18]} 27. Qb1 {[%clk 00:35:26]} {[%emt 00:01:02]} Ng5
{[%clk 01:15:16]} {[%emt 00:02:09]} 28. Nd2 {[%clk 00:32:45]} {[%emt 00:03:12]}
Qc7 {[%clk 01:13:02]} {[%emt 00:02:43]} 29. h4 {[%clk 00:31:24]} {[%emt
00:01:52]} Nh7 {[%clk 01:12:49]} {[%emt 00:00:43]} 30. Ne4 {[%clk 00:31:17]}
{[%emt 00:00:37]} Rc6 {[%clk 01:13:09]} {[%emt 00:00:10]} 31. g3 {[%clk
00:25:31]} {[%emt 00:06:16]} d5 {[%clk 01:12:53]} {[%emt 00:00:45]} 32. Nc5
{[%clk 00:24:48]} {[%emt 00:01:13]} Be7 {[%clk 01:13:08]} {[%emt 00:00:16]} 33.
Nd3 {[%clk 00:19:59]} {[%emt 00:05:19]} Nf6 {[%clk 01:12:43]} {[%emt 00:00:53]}
34. Rc1 {[%clk 00:17:52]} {[%emt 00:02:39]} Rxc1 {[%clk 01:12:17]} {[%emt
00:00:56]} 35. Rxc1 {[%clk 00:18:18]} {[%emt 00:00:04]} Qb6 {[%clk 01:12:34]}
{[%emt 00:00:14]} 36. Qc2 {[%emt 00:05:35]} Rb8 {[%clk 01:07:58]} {[%emt
00:01:35]} 37. Rb1 {[%clk 00:12:55]} {[%emt 00:04:18]} Ne4 {[%clk 01:07:57]}
{[%emt 00:00:31]} 38. Ne5 {[%clk 00:10:13]} {[%emt 00:03:12]} Qb7 {[%clk
00:59:31]} {[%emt 00:08:55]} 39. Nc6 {[%clk 00:09:15]} {[%emt 00:01:29]} Ra8
{[%clk 00:57:54]} {[%emt 00:02:07]} 40. Nxe7+ {[%clk 00:04:18]} {[%emt
00:05:27]} Qxe7 {[%clk 00:57:28]} {[%emt 00:00:55]} 41. Kg2 {[%clk 00:29:49]}
{[%emt 00:04:59]} Rb8 {[%clk 01:27:40]} {[%emt 00:00:19]} 42. f3 {[%clk
00:29:08]} {[%emt 00:01:11]} Nd6 {[%clk 01:27:08]} {[%emt 00:01:01]} 43. Qe2
{[%clk 00:26:35]} {[%emt 00:03:02]} Qc7 {[%clk 01:26:53]} {[%emt 00:00:45]} 44.
Qd3 {[%clk 00:19:25]} {[%emt 00:07:41]} Qb6 {[%clk 01:24:12]} {[%emt 00:03:12]}
45. Ng4 {[%clk 00:17:31]} {[%emt 00:02:24]} Nc4 {[%clk 01:23:11]} {[%emt
00:01:31]} 46. f4 {[%clk 00:12:23]} {[%emt 00:05:37]} Qd6 {[%clk 01:21:35]}
{[%emt 00:02:07]} 47. b5 {[%clk 00:09:04]} {[%emt 00:03:50]} h5 {[%clk
01:19:41]} {[%emt 00:02:24]} 48. Ne3 {[%clk 00:08:02]} {[%emt 00:01:32]} Qc5
{[%clk 01:19:40]} {[%emt 00:00:31]} 49. Nxc4 {[%clk 00:04:12]} {[%emt
00:04:20]} dxc4 {[%clk 01:19:43]} {[%emt 00:00:27]} 50. Qd7 {[%clk 00:03:59]}
{[%emt 00:00:43]} c3 {[%clk 01:19:08]} {[%emt 00:01:05]} 51. Rc1 {[%clk
00:03:51]} {[%emt 00:00:37]} Rxb5 {[%clk 01:08:15]} {[%emt 00:11:24]} 52. Qd8+
{[%clk 00:03:44]} {[%emt 00:00:37]} Kh7 {[%clk 01:08:17]} {[%emt 00:00:27]} 53.
Qd3+ {[%clk 00:04:10]} {[%emt 00:00:05]} Qf5 {[%clk 01:06:30]} {[%emt
00:02:17]} 54. Qxf5+ {[%clk 00:03:51]} {[%emt 00:00:48]} Rxf5 {[%clk 01:06:54]}
{[%emt 00:00:07]} 55. Rxc3 {[%clk 00:04:11]} {[%emt 00:00:10]} Rd5 {[%clk
01:07:05]} {[%emt 00:00:18]} 56. Kf3 {[%clk 00:04:15]} {[%emt 00:00:27]} Kg6
{[%clk 01:07:01]} {[%emt 00:00:33]} 57. Re3 {[%clk 00:03:46]} {[%emt 00:01:00]}
Kf5 {[%clk 01:07:00]} {[%emt 00:00:30]} 58. Rc3 {[%clk 00:03:23]} {[%emt
00:00:54]} f6 {[%clk 01:06:55]} {[%emt 00:00:34]} 59. Kg2 {[%clk 00:01:23]}
{[%emt 00:02:30]} Kg4 {[%clk 01:05:43]} {[%emt 00:01:42]} 60. Re3 {[%clk
00:01:13]} {[%emt 00:00:41]} Rd2+ {[%clk 01:05:07]} {[%emt 00:01:06]} 61. Kf1
{[%clk 00:01:18]} {[%emt 00:00:25]} Ra2 {[%clk 01:03:42]} {[%emt 00:01:54]} 62.
Rxe6 {[%clk 00:01:06]} {[%emt 00:00:44]} Kxg3 {[%clk 01:02:37]} {[%emt
00:01:34]} 63. Re7 {[%clk 00:01:21]} {[%emt 00:00:16]} Kxf4 {[%clk 01:01:53]}
{[%emt 00:01:13]} 64. Rxg7 {[%clk 00:01:46]} {[%emt 00:00:05]} Rh2 {[%clk
01:02:12]} {[%emt 00:00:11]} 65. Rg6 {[%clk 00:01:06]} {[%emt 00:01:11]} f5
{[%clk 01:02:33]} {[%emt 00:00:07]} 66. Rc6 {[%clk 00:01:01]} {[%emt 00:00:34]}
Rxh4 {[%clk 01:01:29]} {[%emt 00:01:35]} 67. Rc4+ {[%clk 00:01:20]} {[%emt
00:00:12]} Kg5 {[%clk 01:01:48]} {[%emt 00:00:11]} 68. Rc5 {[%clk 00:01:23]}
{[%emt 00:00:27]} Rh2 {[%clk 01:01:23]} {[%emt 00:00:54]} 69. Kg1 {[%clk
00:01:45]} {[%emt 00:00:08]} Rd2 {[%clk 01:01:42]} {[%emt 00:00:11]} 70. Rc8
{[%clk 00:02:01]} {[%emt 00:00:15]} f4 {[%clk 00:58:58]} {[%emt 00:03:13]} 71.
Rg8+ {[%clk 00:02:16]} {[%emt 00:00:16]} Kf5 {[%clk 00:58:55]} {[%emt
00:00:34]} 72. Rh8 {[%clk 00:02:23]} {[%emt 00:00:22]} Kg4 {[%clk 00:57:02]}
{[%emt 00:02:22]} 73. Rg8+ {[%clk 00:02:30]} {[%emt 00:00:24]} Kf3 {[%clk
00:57:19]} {[%emt 00:00:12]} 74. Rh8 {[%clk 00:02:16]} {[%emt 00:00:44]} Rd5
{[%clk 00:57:35]} {[%emt 00:00:14]} 75. Rh7 {[%clk 00:02:07]} {[%emt 00:00:39]}
Rd1+ {[%clk 00:57:06]} {[%emt 00:00:59]} 76. Kh2 {[%clk 00:02:26]} {[%emt
00:00:11]} Kf2 {[%clk 00:57:01]} {[%emt 00:00:35]} 77. Rxh5 {[%clk 00:02:30]}
{[%emt 00:00:26]} f3 {[%clk 00:57:17]} {[%emt 00:00:14]} 78. Ra5 {[%clk
00:02:18]} {[%emt 00:00:40]} Kf1 {[%clk 00:56:38]} {[%emt 00:01:11]} 79. Re5
{[%clk 00:00:50]} {[%emt 00:04:43]} 0-1

[Event "Deutsche Ländermeisterschaft 2025"]
[Site "Oer-Erkenschwick GER"]
[Date "2025.10.01"]
[Round "2"]
[White "Ignatova, Gabriela"]
[Black "Busch, Lara Sophie"]
[Result "1/2-1/2"]
[Termination "normal"]
[Board "7.7"]
[WhiteElo "1703"]
[BlackElo "1704"]
[WhiteClock "00:22:08"]
[BlackClock "00:04:33"]
[WhiteTeam "Thüringen"]
[BlackTeam "Hamburg 1"]
[PlyCount "111"]
[WhiteFideId "34623698"]
[BlackFideId "34664866"]
[EventCountry "GER"]
[EventRounds "7"]
[EventType "team-swiss"]
[EventDate "2025.09.30"]

1. e4 {[%clk 01:30:49]} {[%emt 00:00:10]} e5 {[%clk 01:30:56]} {[%emt
00:00:04]} 2. Nf3 {[%clk 01:31:14]} {[%emt 00:00:06]} Nc6 {[%clk 01:31:15]}
{[%emt 00:00:11]} 3. Bc4 {[%clk 01:31:38]} {[%emt 00:00:06]} Nf6 {[%clk
01:31:37]} {[%emt 00:00:08]} 4. Ng5 {[%clk 01:31:39]} {[%emt 00:00:28]} d5
{[%clk 01:31:42]} {[%emt 00:00:25]} 5. exd5 {[%clk 01:32:03]} {[%emt 00:00:07]}
b5 {[%clk 01:31:58]} {[%emt 00:00:13]} 6. Bf1 {[%clk 01:32:21]} {[%emt
00:00:13]} Qxd5 {[%clk 01:22:43]} {[%emt 00:09:45]} 7. Nc3 {[%clk 01:31:43]}
{[%emt 00:01:07]} Qd8 {[%clk 01:22:34]} {[%emt 00:00:39]} 8. Bxb5 {[%clk
01:31:28]} {[%emt 00:00:45]} Bb7 {[%clk 01:19:59]} {[%emt 00:03:05]} 9. Qe2
{[%clk 01:22:50]} {[%emt 00:09:08]} Bd6 {[%clk 01:16:13]} {[%emt 00:04:17]} 10.
d3 {[%clk 01:21:27]} {[%emt 00:01:53]} O-O {[%clk 01:11:42]} {[%emt 00:04:59]}
11. Bxc6 {[%clk 01:17:18]} {[%emt 00:04:40]} Bxc6 {[%clk 01:11:22]} {[%emt
00:00:51]} 12. O-O {[%clk 01:17:14]} {[%emt 00:00:33]} Rb8 {[%clk 01:10:27]}
{[%emt 00:01:26]} 13. Rb1 {[%clk 01:11:31]} {[%emt 00:06:12]} Re8 {[%clk
01:05:20]} {[%emt 00:05:37]} 14. Be3 {[%clk 01:09:50]} {[%emt 00:02:11]} a6
{[%clk 01:04:02]} {[%emt 00:01:48]} 15. Nge4 {[%clk 01:07:21]} {[%emt
00:02:59]} h6 {[%clk 00:59:16]} {[%emt 00:05:17]} 16. Nxf6+ {[%clk 00:57:29]}
{[%emt 00:10:21]} Qxf6 {[%clk 00:58:32]} {[%emt 00:01:12]} 17. Qg4 {[%clk
00:57:34]} {[%emt 00:00:26]} Re6 {[%clk 00:55:39]} {[%emt 00:03:24]} 18. f3
{[%clk 00:52:08]} {[%emt 00:05:55]} Qg6 {[%clk 00:47:36]} {[%emt 00:08:32]} 19.
Qxg6 {[%clk 00:40:09]} {[%emt 00:12:30]} Rxg6 {[%clk 00:47:42]} {[%emt
00:00:24]} 20. Ne4 {[%clk 00:39:16]} {[%emt 00:01:22]} f5 {[%clk 00:45:21]}
{[%emt 00:02:53]} 21. Nxd6 {[%clk 00:37:45]} {[%emt 00:02:00]} cxd6 {[%clk
00:45:27]} {[%emt 00:00:25]} 22. d4 {[%clk 00:37:30]} {[%emt 00:00:44]} f4
{[%clk 00:44:53]} {[%emt 00:01:04]} 23. Bd2 {[%clk 00:36:15]} {[%emt 00:01:45]}
Rf8 {[%clk 00:34:26]} {[%emt 00:10:57]} 24. Kf2 {[%clk 00:32:12]} {[%emt
00:04:33]} e4 {[%clk 00:30:35]} {[%emt 00:04:21]} 25. Rg1 {[%clk 00:29:51]}
{[%emt 00:02:51]} e3+ {[%clk 00:30:36]} {[%emt 00:00:29]} 26. Bxe3 {[%clk
00:30:10]} {[%emt 00:00:10]} fxe3+ {[%clk 00:30:57]} {[%emt 00:00:09]} 27. Kxe3
{[%clk 00:30:34]} {[%emt 00:00:06]} Re6+ {[%clk 00:30:00]} {[%emt 00:01:28]}
28. Kd2 {[%clk 00:30:49]} {[%emt 00:00:13]} Rfe8 {[%clk 00:30:05]} {[%emt
00:00:27]} 29. Rbe1 {[%clk 00:29:33]} {[%emt 00:01:46]} Kf7 {[%clk 00:29:10]}
{[%emt 00:01:25]} 30. c4 {[%clk 00:26:41]} {[%emt 00:03:22]} Bb7 {[%clk
00:22:50]} {[%emt 00:06:49]} 31. Rxe6 {[%clk 00:25:23]} {[%emt 00:01:49]} Rxe6
{[%clk 00:23:15]} {[%emt 00:00:04]} 32. Re1 {[%clk 00:25:11]} {[%emt 00:00:42]}
Rxe1 {[%clk 00:16:29]} {[%emt 00:07:16]} 33. Kxe1 {[%clk 00:25:26]} {[%emt
00:00:16]} Ke6 {[%clk 00:16:40]} {[%emt 00:00:18]} 34. Kd2 {[%clk 00:24:51]}
{[%emt 00:01:05]} g5 {[%clk 00:13:12]} {[%emt 00:03:58]} 35. b4 {[%clk
00:24:05]} {[%emt 00:01:15]} h5 {[%clk 00:06:34]} {[%emt 00:07:10]} 36. Ke3
{[%clk 00:20:04]} {[%emt 00:04:30]} Kf5 {[%clk 00:04:38]} {[%emt 00:02:26]} 37.
g3 {[%clk 00:19:46]} {[%emt 00:00:49]} Bc6 {[%clk 00:02:24]} {[%emt 00:02:43]}
38. h3 {[%clk 00:13:39]} {[%emt 00:06:37]} g4 {[%clk 00:01:37]} {[%emt
00:01:17]} 39. fxg4+ {[%clk 00:12:48]} {[%emt 00:01:21]} hxg4 {[%clk 00:01:48]}
{[%emt 00:00:19]} 40. hxg4+ {[%clk 00:13:10]} {[%emt 00:00:08]} Kxg4 {[%clk
00:01:59]} {[%emt 00:00:19]} 41. d5 {[%clk 00:09:29]} {[%emt 00:04:10]} Bb7
{[%clk 00:24:30]} {[%emt 00:08:00]} 42. Kd4 {[%clk 00:36:04]} {[%emt 00:03:55]}
Kxg3 {[%clk 00:23:21]} {[%emt 00:01:39]} 43. c5 {[%clk 00:36:27]} {[%emt
00:00:06]} dxc5+ {[%clk 00:21:04]} {[%emt 00:02:46]} 44. Kxc5 {[%clk 00:34:35]}
{[%emt 00:02:23]} Kf4 {[%clk 00:20:54]} {[%emt 00:00:40]} 45. d6 {[%clk
00:34:46]} {[%emt 00:00:19]} Bc8 {[%clk 00:20:55]} {[%emt 00:00:29]} 46. Kb6
{[%clk 00:26:17]} {[%emt 00:08:58]} Ke5 {[%clk 00:18:40]} {[%emt 00:02:46]} 47.
d7 {[%clk 00:26:14]} {[%emt 00:00:34]} Bxd7 {[%clk 00:18:56]} {[%emt 00:00:13]}
48. Kxa6 {[%clk 00:26:39]} {[%emt 00:00:05]} Kd5 {[%clk 00:10:33]} {[%emt
00:08:48]} 49. b5 {[%clk 00:24:04]} {[%emt 00:03:10]} Kc5 {[%clk 00:10:36]}
{[%emt 00:00:28]} 50. a4 {[%clk 00:23:27]} {[%emt 00:01:06]} Bc8+ {[%clk
00:03:57]} {[%emt 00:07:09]} 51. Ka7 {[%clk 00:22:36]} {[%emt 00:01:21]} Kb4
{[%clk 00:04:17]} {[%emt 00:00:11]} 52. b6 {[%clk 00:21:06]} {[%emt 00:01:59]}
Kxa4 {[%clk 00:04:33]} {[%emt 00:00:14]} 53. Kb8 {[%clk 00:21:26]} {[%emt
00:00:10]} Ba6 {[%clk 00:04:07]} {[%emt 00:00:55]} 54. Ka7 {[%clk 00:21:52]}
{[%emt 00:00:05]} Kb5 {[%clk 00:04:17]} {[%emt 00:00:20]} 55. b7 {[%clk
00:22:08]} {[%emt 00:00:14]} Bxb7 {[%clk 00:04:33]} {[%emt 00:00:14]} 56. Kxb7
{[%emt 00:00:05]} 1/2-1/2

[Event "Deutsche Ländermeisterschaft 2025"]
[Site "Oer-Erkenschwick GER"]
[Date "2025.10.01"]
[Round "2"]
[White "Sauer, Tim"]
[Black "Herrmann, Jakob"]
[Result "1/2-1/2"]
[Termination "normal"]
[Board "8.1"]
[WhiteTitle "CM"]
[BlackTitle "FM"]
[WhiteElo "2234"]
[BlackElo "2252"]
[WhiteClock "00:00:51"]
[BlackClock "00:03:02"]
[WhiteTeam "Niedersachsen"]
[BlackTeam "Mecklenburg-Vorpommern"]
[PlyCount "116"]
[WhiteFideId "16265726"]
[BlackFideId "16287169"]
[EventCountry "GER"]
[EventRounds "7"]
[EventType "team-swiss"]
[EventDate "2025.09.30"]

1. Nf3 {[%clk 01:30:56]} {[%emt 00:00:04]} d5 {[%clk 01:30:46]} {[%emt
00:00:14]} 2. e3 {[%clk 01:31:20]} {[%emt 00:00:06]} Nf6 {[%clk 01:31:05]}
{[%emt 00:00:11]} 3. c4 {[%clk 01:31:41]} {[%emt 00:00:09]} e6 {[%clk
01:30:44]} {[%emt 00:00:51]} 4. b3 {[%clk 01:32:04]} {[%emt 00:00:07]} Be7
{[%clk 01:31:10]} {[%emt 00:00:04]} 5. Bb2 {[%clk 01:32:30]} {[%emt 00:00:03]}
O-O {[%clk 01:31:30]} {[%emt 00:00:10]} 6. Nc3 {[%clk 01:32:57]} {[%emt
00:00:04]} b6 {[%clk 01:31:17]} {[%emt 00:00:42]} 7. g3 {[%clk 01:32:57]}
{[%emt 00:00:31]} Bb7 {[%clk 01:31:35]} {[%emt 00:00:12]} 8. Bg2 {[%clk
01:33:20]} {[%emt 00:00:06]} c5 {[%clk 01:29:42]} {[%emt 00:02:23]} 9. O-O
{[%clk 01:33:24]} {[%emt 00:00:27]} Nbd7 {[%clk 01:17:26]} {[%emt 00:12:46]}
10. Qe2 {[%clk 01:30:42]} {[%emt 00:03:11]} Rc8 {[%clk 01:12:25]} {[%emt
00:05:31]} 11. cxd5 {[%clk 01:27:01]} {[%emt 00:04:12]} Nxd5 {[%clk 01:09:55]}
{[%emt 00:03:00]} 12. Nxd5 {[%clk 01:26:54]} {[%emt 00:00:36]} exd5 {[%clk
01:09:40]} {[%emt 00:00:46]} 13. Rac1 {[%clk 01:20:14]} {[%emt 00:07:09]} Bf6
{[%clk 01:08:57]} {[%emt 00:01:13]} 14. d3 {[%clk 01:00:42]} {[%emt 00:20:02]}
Qe7 {[%clk 01:04:14]} {[%emt 00:05:13]} 15. Rfe1 {[%clk 00:56:34]} {[%emt
00:04:39]} Rfe8 {[%clk 01:00:13]} {[%emt 00:04:30]} 16. Bxf6 {[%clk 00:35:15]}
{[%emt 00:21:49]} Nxf6 {[%clk 01:00:35]} {[%emt 00:00:08]} 17. Qb2 {[%clk
00:31:15]} {[%emt 00:04:29]} h6 {[%clk 00:50:41]} {[%emt 00:10:26]} 18. Nh4
{[%clk 00:29:56]} {[%emt 00:01:49]} Qd7 {[%clk 00:48:57]} {[%emt 00:02:14]} 19.
Rc2 {[%clk 00:24:51]} {[%emt 00:05:34]} Ba6 {[%clk 00:42:00]} {[%emt 00:07:26]}
20. Bf1 {[%clk 00:21:31]} {[%emt 00:03:51]} d4 {[%clk 00:36:37]} {[%emt
00:05:53]} 21. e4 {[%clk 00:19:04]} {[%emt 00:02:57]} Nd5 {[%clk 00:36:49]}
{[%emt 00:00:18]} 22. Qc1 {[%clk 00:15:01]} {[%emt 00:04:31]} Nc3 {[%clk
00:36:40]} {[%emt 00:00:41]} 23. Nf5 {[%clk 00:14:22]} {[%emt 00:01:09]} Rcd8
{[%clk 00:34:14]} {[%emt 00:02:57]} 24. Qf4 {[%clk 00:12:37]} {[%emt 00:02:15]}
Kh7 {[%clk 00:25:37]} {[%emt 00:09:08]} 25. Rd2 {[%clk 00:08:55]} {[%emt
00:04:11]} Bc8 {[%clk 00:23:57]} {[%emt 00:02:09]} 26. Ra1 {[%clk 00:03:18]}
{[%emt 00:06:07]} Qe6 {[%clk 00:21:59]} {[%emt 00:02:29]} 27. g4 {[%clk
00:00:40]} {[%emt 00:03:08]} Qf6 {[%clk 00:21:03]} {[%emt 00:01:25]} 28. Kh1
{[%clk 00:00:32]} {[%emt 00:00:38]} Qg5 {[%clk 00:12:44]} {[%emt 00:08:49]} 29.
Qxg5 {[%clk 00:00:54]} {[%emt 00:00:08]} hxg5 {[%clk 00:13:11]} {[%emt
00:00:04]} 30. f3 {[%clk 00:00:33]} {[%emt 00:00:51]} g6 {[%clk 00:11:16]}
{[%emt 00:02:25]} 31. Ng3 {[%clk 00:00:57]} {[%emt 00:00:05]} Kg7 {[%emt
00:00:55]} 32. Ne2 {[%clk 00:00:39]} {[%emt 00:00:21]} Nxe2 {[%clk 00:10:27]}
{[%emt 00:01:22]} 33. Rxe2 {[%clk 00:00:34]} {[%emt 00:00:35]} Kf6 {[%clk
00:10:50]} {[%emt 00:00:06]} 34. Kg2 {[%clk 00:00:52]} {[%emt 00:00:12]} Ke5
{[%clk 00:11:15]} {[%emt 00:00:05]} 35. Kg3 {[%clk 00:01:02]} {[%emt 00:00:20]}
Be6 {[%clk 00:11:23]} {[%emt 00:00:23]} 36. Rb1 {[%clk 00:00:34]} {[%emt
00:00:57]} Rc8 {[%clk 00:09:02]} {[%emt 00:02:51]} 37. Rc2 {[%clk 00:00:47]}
{[%emt 00:00:17]} Red8 {[%clk 00:08:19]} {[%emt 00:01:13]} 38. Rbc1 {[%clk
00:00:35]} {[%emt 00:00:42]} a5 {[%clk 00:04:29]} {[%emt 00:04:20]} 39. Rb2
{[%clk 00:00:34]} {[%emt 00:00:31]} Rd7 {[%clk 00:03:26]} {[%emt 00:01:32]} 40.
Be2 {[%clk 00:00:37]} {[%emt 00:00:28]} b5 {[%clk 00:02:42]} {[%emt 00:01:14]}
41. Rh1 {[%clk 00:23:04]} {[%emt 00:08:03]} c4 {[%clk 00:24:23]} {[%emt
00:08:50]} 42. bxc4 {[%clk 00:23:15]} {[%emt 00:00:19]} bxc4 {[%clk 00:24:47]}
{[%emt 00:00:05]} 43. Rb5+ {[%clk 00:20:39]} {[%emt 00:03:05]} Kf6 {[%clk
00:25:12]} {[%emt 00:00:06]} 44. dxc4 {[%clk 00:14:07]} {[%emt 00:07:03]} d3
{[%clk 00:25:34]} {[%emt 00:00:08]} 45. Bd1 {[%clk 00:10:16]} {[%emt 00:04:20]}
Bxc4 {[%clk 00:18:56]} {[%emt 00:07:08]} 46. Rxa5 {[%clk 00:10:30]} {[%emt
00:00:16]} Rb8 {[%clk 00:08:58]} {[%emt 00:10:29]} 47. f4 {[%clk 00:04:28]}
{[%emt 00:06:32]} gxf4+ {[%clk 00:09:21]} {[%emt 00:00:07]} 48. Kxf4 {[%clk
00:04:52]} {[%emt 00:00:04]} Rb2 {[%clk 00:09:04]} {[%emt 00:00:47]} 49. g5+
{[%clk 00:01:04]} {[%emt 00:04:19]} Kg7 {[%clk 00:09:29]} {[%emt 00:00:06]} 50.
Bg4 {[%clk 00:00:35]} {[%emt 00:00:59]} Rd8 {[%clk 00:08:59]} {[%emt 00:01:00]}
51. Ke3 {[%clk 00:00:32]} {[%emt 00:00:33]} Bxa2 {[%clk 00:08:31]} {[%emt
00:00:58]} 52. e5 {[%clk 00:00:32]} {[%emt 00:00:30]} d2 {[%clk 00:08:20]}
{[%emt 00:00:41]} 53. Rc5 {[%clk 00:00:33]} {[%emt 00:00:29]} Bb3 {[%clk
00:05:57]} {[%emt 00:02:53]} 54. Rb5 {[%clk 00:00:38]} {[%emt 00:00:25]} Rd5
{[%clk 00:02:54]} {[%emt 00:03:34]} 55. Rxd5 {[%clk 00:00:35]} {[%emt
00:00:33]} Bxd5 {[%clk 00:03:19]} {[%emt 00:00:05]} 56. Rd1 {[%clk 00:00:58]}
{[%emt 00:00:06]} Rb4 {[%clk 00:03:19]} {[%emt 00:00:30]} 57. Rxd2 {[%clk
00:00:33]} {[%emt 00:00:56]} Re4+ {[%clk 00:02:53]} {[%emt 00:00:55]} 58. Kf2
{[%clk 00:00:51]} {[%emt 00:00:10]} Rxg4 {[%clk 00:03:02]} {[%emt 00:00:23]}
1/2-1/2